01325nam a22002297a 4500003000900000008004100009040007100050082002100121110005500142245014900197260003200346300002900378440010900407505036100516650002300877650003400900650004100934700003100975700002701006700003101033700003101064AR-CdUCM190425b ||||| |||| 00| 0 spa d aMUNICIPALIDAD PROVINCIAL DEL CUSCOcBIBLIOTECA MUNICIPAL DEL CUSCO aRev.FD/N°6/1971 aUniversidad Nacional De San Antonio Abad del Cuzco aRevista de la Facultad de Derecho de la Universidad Nacional de San Antonio Abad del Cuzco /cUniversidad Nacional de San Antonio Abad del Cuzco aCusco :bH.G. Rozas,c1971. a114 páginas. :c24 cm. aRevista de la Facultad de Derecho de la Universidad Nacional de San Antonio Abad del Cuzco.nN°6, 1971. aContenido: Los principios y bases de un nuevo código de procedimientos civiles. Cesar Muñiz Rodríguez.-- En defensa del Patrimonio cultural del Cuzco. Ernesto Valdivia Pezo. -- El derecho publico y el derecho privado. Pedro Valcárcel Gamarra. -- Inoperancia del Derecho peruano frente a la sociedad y cultura indígenas. Bertha Degregori de Nieto. aDerecho del Perú aFacultad de Derecho del Cuzco aProyecto de reformas metodológicas aMuñiz Rodríguez, Cesar aValdivia Pezo, Ernesto aValcárcel Gamarra, Pedro aDegregori de Nieto, Bertha